[Event "CRO-chT1B 28th"]
[Site "Mali Losinj"]
[Date "2019.09.29"]
[Round "2.13"]
[White "Matkovic, Tonci"]
[Black "Bilobrk, Franjo"]
[Result "1/2-1/2"]
[WhiteElo "2281"]
[BlackElo "2334"]
[PlyCount "35"]
[EventDate "2019.09.28"]
[EventType "team-tourn"]
[EventRounds "9"]
[EventCountry "CRO"]
[SourceTitle "EXT 2020"]
[Source "ChessBase"]
[SourceDate "2019.10.17"]
[SourceVersion "1"]
[SourceVersionDate "2019.10.17"]
[SourceQuality "1"]
[WhiteTeam "Sibenik"]
[BlackTeam "Bibinje Goran"]
[WhiteTeamCountry "CRO"]
[BlackTeamCountry "CRO"]

1. e4 c5 2. Nf3 d6 3. d4 cxd4 4. Nxd4 Nf6 5. Nc3 a6 6. Be2 e6 7. Be3 Be7 8. 0-0 0-0 9. f4 Qc7 10. a4 Nc6 11. Bd3 Nxd4 12. Bxd4 e5 13. Be3 exf4 14. Rxf4 Be6 15. a5 Nd7 16. Rf2 Ne5 17. Bb6 Qd7 18. Nd5 1/2-1/2

[Event "CRO-chT1B 28th"]
[Site "Mali Losinj"]
[Date "2019.09.28"]
[Round "1.13"]
[White "Plenkovic, Zdenko"]
[Black "Matkovic, Tonci"]
[Result "1/2-1/2"]
[WhiteElo "2368"]
[BlackElo "2281"]
[PlyCount "62"]
[EventDate "2019.09.28"]
[EventType "team-tourn"]
[EventRounds "9"]
[EventCountry "CRO"]
[SourceTitle "EXT 2020"]
[Source "ChessBase"]
[SourceDate "2019.10.17"]
[SourceVersion "1"]
[SourceVersionDate "2019.10.17"]
[SourceQuality "1"]
[WhiteTeam "Split Brda"]
[BlackTeam "Sibenik"]
[WhiteTeamCountry "CRO"]
[BlackTeamCountry "CRO"]

1. c4 Nf6 2. Nc3 g6 3. g3 Bg7 4. Bg2 d6 5. e4 c5 6. Nge2 Nc6 7. d3 a6 8. h3 Nd4 9. Nxd4 cxd4 10. Ne2 e5 11. 0-0 0-0 12. f4 exf4 13. gxf4 Qb6 14. f5 gxf5 15. Bg5 Nxe4 16. dxe4 d3+ 17. Kh1 dxe2 18. Qxe2 Qxb2 19. Qxb2 Bxb2 20. Rab1 Be5 21. exf5 Rb8 22. Bd5 Bd7 23. Rf2 Bc6 24. Bh6 Bxd5+ 25. cxd5 Rfc8 26. f6 Rc3 27. Rb3 Rxb3 28. axb3 Rc8 29. Rg2+ Kh8 30. Bg7+ Kg8 31. Bh6+ Kh8 1/2-1/2

[Event "CRO-chT1B 27th"]
[Site "Biograd"]
[Date "2018.09.19"]
[Round "5.13"]
[White "Matkovic, Tonci"]
[Black "Krstic, Uros"]
[Result "0-1"]
[WhiteElo "2274"]
[BlackElo "2364"]
[PlyCount "120"]
[EventDate "2018.09.15"]
[EventType "team-swiss"]
[EventRounds "9"]
[EventCountry "CRO"]
[SourceTitle "CBM 186 Extra"]
[Source "ChessBase"]
[SourceDate "2018.08.24"]
[SourceVersion "1"]
[SourceVersionDate "2018.08.24"]
[SourceQuality "1"]
[WhiteTeam "Sibenik"]
[BlackTeam "Strigova Stridon"]
[WhiteTeamCountry "CRO"]
[BlackTeamCountry "CRO"]

1. e4 c6 2. d4 d5 3. Nc3 dxe4 4. Nxe4 Nf6 5. Nxf6+ exf6 6. Nf3 Bd6 7. Be2 0-0 8. 0-0 Re8 9. Re1 Nd7 10. Be3 Nf8 11. c4 Bg4 12. Nd2 Bxe2 13. Rxe2 Qc7 14. Nf1 Rad8 15. Qc2 Qc8 16. a3 f5 17. f3 Be7 18. Rd1 Bf6 19. Red2 b6 20. b4 Re7 21. Qb3 Rc7 22. Bf4 Rcd7 23. Be3 g6 24. d5 cxd5 25. Rxd5 Rxd5 26. Rxd5 Rxd5 27. cxd5 Be5 28. f4 Qc3 29. Nd2 Qa1+ 30. Kf2 Bc3 31. a4 Nd7 32. Nb1 Bd4 33. d6 Nf6 34. Kf3 Kf8 35. Qc2 Bxe3 36. Kxe3 Nd5+ 37. Kf3 Qd4 38. Qd2 Qe4+ 39. Kf2 Qxf4+ 40. Qxf4 Nxf4 41. Ke3 Nd5+ 42. Kd4 Nxb4 43. Kc4 Nc6 44. Kd5 Nd8 45. Na3 a6 46. Nc2 Ke8 47. Nb4 a5 48. Nc6 f6 49. Ne7 f4 50. Nc8 b5 51. axb5 a4 52. d7+ Kf7 53. Nd6+ Ke7 54. Nc8+ Kf8 55. Kd6 a3 56. Kc7 a2 57. Kxd8 a1Q 58. Kc7 Qc3+ 59. Kd6 Qd4+ 60. Kc6 Kf7 0-1

[Event "CRO-chT1B 27th"]
[Site "Biograd"]
[Date "2018.09.17"]
[Round "3.23"]
[White "Matkovic, Tonci"]
[Black "Zilka, Stepan"]
[Result "0-1"]
[WhiteElo "2274"]
[BlackElo "2521"]
[PlyCount "117"]
[EventDate "2018.09.15"]
[EventType "team-swiss"]
[EventRounds "9"]
[EventCountry "CRO"]
[SourceTitle "CBM 186 Extra"]
[Source "ChessBase"]
[SourceDate "2018.08.24"]
[SourceVersion "1"]
[SourceVersionDate "2018.08.24"]
[SourceQuality "1"]
[WhiteTeam "Sibenik"]
[BlackTeam "Zagreb Hask Mladost"]
[WhiteTeamCountry "CRO"]
[BlackTeamCountry "CRO"]

1. e4 c5 2. c4 d6 3. Nc3 Nc6 4. d3 g6 5. g3 Bg7 6. Bg2 e6 7. Nge2 Nge7 8. Rb1 0-0 9. 0-0 b6 10. a3 Bb7 11. b4 Nd4 12. Nxd4 Bxd4 13. Ne2 Bg7 14. Bb2 Bxb2 15. Rxb2 Rb8 16. d4 cxd4 17. Nxd4 a6 18. Rd2 Qc7 19. Nc2 Qxc4 20. Rxd6 Bc6 21. Qd2 Qa2 22. Ne3 Qxd2 23. Rxd2 Rfc8 24. e5 Ba4 25. Rd6 Rc3 26. Ra1 Nf5 27. Nxf5 gxf5 28. Bf1 a5 29. Rd4 Bc6 30. b5 Bd5 31. Bg2 Rc5 32. Bxd5 Rd8 33. Rad1 Rdxd5 34. Rxd5 exd5 35. a4 f6 36. exf6 Kf7 37. f4 Kxf6 38. Kf2 Rc2+ 39. Kf3 Rc3+ 40. Kf2 Rc2+ 41. Ke3 Ke6 42. Kd3 Rc4 43. Re1+ Kd6 44. Re5 Kc5 45. Rxf5 Rd4+ 46. Kc3 Rxa4 47. Rh5 Ra3+ 48. Kd2 a4 49. Rxh7 Kxb5 50. Rh8 Kc4 51. Rc8+ Kd4 52. Rb8 Ra2+ 53. Kc1 Kc3 54. Rc8+ Kd3 55. Kb1 Rxh2 56. Rc6 b5 57. Rc5 Rh1+ 58. Kb2 b4 59. Rxd5+ 0-1

[Event "CRO-chT1B 27th"]
[Site "Biograd"]
[Date "2018.09.16"]
[Round "2.43"]
[White "Dabo Peranic, Robert"]
[Black "Matkovic, Tonci"]
[Result "1/2-1/2"]
[WhiteElo "2284"]
[BlackElo "2274"]
[PlyCount "63"]
[EventDate "2018.09.15"]
[EventType "team-swiss"]
[EventRounds "9"]
[EventCountry "CRO"]
[SourceTitle "CBM 186 Extra"]
[Source "ChessBase"]
[SourceDate "2018.08.24"]
[SourceVersion "1"]
[SourceVersionDate "2018.08.24"]
[SourceQuality "1"]
[WhiteTeam "Slavonski Brod Dakovic"]
[BlackTeam "Sibenik"]
[WhiteTeamCountry "CRO"]
[BlackTeamCountry "CRO"]

1. d4 d5 2. c4 e6 3. Nf3 Nf6 4. g3 Be7 5. Bg2 Nbd7 6. 0-0 0-0 7. b3 c5 8. e3 b6 9. Bb2 Bb7 10. Nbd2 Rc8 11. Rc1 Re8 12. Re1 Bf8 13. Qc2 h6 14. Qb1 cxd4 15. exd4 Ba8 16. Qa1 Rc7 17. Rc2 Qe7 18. Rec1 Rec8 19. Qb1 Qd8 20. Bf1 Bb4 21. Bc3 Be7 22. a4 Ba3 23. Bb2 Bb4 24. Bc3 Ba3 25. Re1 Be7 26. Qa1 Qf8 27. a5 Bb4 28. axb6 axb6 29. Bxb4 Qxb4 30. Ra2 Bc6 31. Bd3 Ne4 32. Bxe4 1/2-1/2

[Event "CRO-chT1B 25th"]
[Site "Sibenik"]
[Date "2016.10.16"]
[Round "9.2"]
[White "Matkovic, Tonci"]
[Black "Galic, Ivan"]
[Result "0-1"]
[WhiteElo "2299"]
[BlackElo "2387"]
[PlyCount "64"]
[EventDate "2016.10.08"]
[EventType "team-tourn"]
[EventRounds "9"]
[EventCountry "CRO"]
[SourceTitle "EXT 2017"]
[Source "ChessBase"]
[SourceDate "2016.10.25"]
[SourceVersion "1"]
[SourceVersionDate "2016.10.25"]
[SourceQuality "1"]
[WhiteTeam "Sibenik"]
[BlackTeam "Dubrovnik"]
[WhiteTeamCountry "CRO"]
[BlackTeamCountry "CRO"]

1. e4 c5 2. Nf3 e6 3. g3 Nc6 4. Bg2 Nf6 5. Qe2 d6 6. 0-0 Be7 7. d3 0-0 8. c3 e5 9. Ng5 h6 10. Nh3 d5 11. f4 c4 12. Nf2 Bc5 13. dxc4 dxe4 14. Be3 Bxe3 15. Qxe3 exf4 16. gxf4 Ng4 17. Nxg4 Bxg4 18. Nd2 f5 19. Rf2 Qc7 20. Bf1 Kh8 21. Nb3 Rf6 22. Nd4 Nxd4 23. cxd4 Bf3 24. b3 g5 25. Rxf3 exf3 26. Qe5 Qg7 27. Kf2 gxf4 28. Qxf4 Re6 29. Rd1 Rg8 30. Bh3 Re4 31. Qxf5 Re2+ 32. Kxf3 Re7 0-1

[Event "CRO-chT1B 25th"]
[Site "Sibenik"]
[Date "2016.10.10"]
[Round "3.5"]
[White "Matkovic, Tonci"]
[Black "Cherniaev, Alexander"]
[Result "0-1"]
[WhiteElo "2299"]
[BlackElo "2444"]
[PlyCount "82"]
[EventDate "2016.10.08"]
[EventType "team-tourn"]
[EventRounds "9"]
[EventCountry "CRO"]
[SourceTitle "EXT 2017"]
[Source "ChessBase"]
[SourceDate "2016.10.25"]
[SourceVersion "1"]
[SourceVersionDate "2016.10.25"]
[SourceQuality "1"]
[WhiteTeam "Sibenik"]
[BlackTeam "Rijeka Rijeka"]
[WhiteTeamCountry "CRO"]
[BlackTeamCountry "CRO"]

1. e4 g6 2. d4 Bg7 3. Nf3 d6 4. h3 Nf6 5. Bd3 0-0 6. c4 e5 7. d5 Nh5 8. Nc3 Qe8 9. g4 Nf4 10. Bxf4 exf4 11. Qd2 Nd7 12. 0-0-0 Nc5 13. Bc2 a6 14. Rhe1 b5 15. Qxf4 Nd7 16. Qe3 Nb6 17. cxb5 axb5 18. Bb3 b4 19. Ne2 Bd7 20. Ned4 Qb8 21. Rd2 Ra5 22. Rc2 Qa7 23. Kd2 Na4 24. Bxa4 Rxa4 25. Ra1 Rxa2 26. Rxa2 Qxa2 27. b3 Qa5 28. Qd3 Re8 29. Ne2 Bb5 30. Qe3 Bxe2 31. Kxe2 Bc3 32. Nd2 Qa1 33. Kd3 Qd1 34. Qf3 Qe1 35. Nc4 Qf1+ 36. Qe2 Qxh3+ 37. f3 Qh1 38. Rxc3 bxc3 39. Kxc3 Ra8 40. e5 Qa1+ 41. Kd3 Ra2 0-1

[Event "CRO-CupT final"]
[Site "Sibenik"]
[Date "2015.05.24"]
[Round "6.111"]
[White "Matkovic, Tonci"]
[Black "Mihalinec, Damir"]
[Result "0-1"]
[WhiteElo "2318"]
[BlackElo "2210"]
[PlyCount "34"]
[EventDate "2015.05.20"]
[EventType "team-swiss"]
[EventRounds "6"]
[EventCountry "CRO"]
[SourceTitle "CBM 166 Extra"]
[Source "ChessBase"]
[SourceDate "2015.06.18"]
[SourceVersion "1"]
[SourceVersionDate "2015.06.18"]
[SourceQuality "1"]
[WhiteTeam "Sibenik"]
[BlackTeam "Samobor"]
[WhiteTeamCountry "CRO"]
[BlackTeamCountry "CRO"]

1. e4 c5 2. Nf3 d6 3. d4 cxd4 4. Nxd4 Nf6 5. Nc3 g6 6. Bg5 Bg7 7. Qd2 Nc6 8. Nb3 0-0 9. Bh6 Bxh6 10. Qxh6 Be6 11. 0-0-0 Rc8 12. Nd4 Nxd4 13. Rxd4 Rxc3 14. bxc3 Qa5 15. Qd2 Qxa2 16. Kd1 Rc8 17. c4 Qa1+ 0-1

[Event "CRO-chT1B"]
[Site "Bol"]
[Date "2014.10.12"]
[Round "9.2"]
[White "Csonka, Attila Istvan"]
[Black "Matkovic, Tonci"]
[Result "0-1"]
[WhiteElo "2331"]
[BlackElo "2313"]
[PlyCount "61"]
[EventDate "2014.10.04"]
[EventType "team-tourn"]
[EventRounds "9"]
[EventCountry "CRO"]
[SourceTitle "CBM 162 Extra"]
[Source "ChessBase"]
[SourceDate "2014.10.17"]
[SourceVersion "1"]
[SourceVersionDate "2014.10.17"]
[SourceQuality "1"]
[WhiteTeam "Strigova Stridon"]
[BlackTeam "Sibenik"]
[WhiteTeamCountry "CRO"]
[BlackTeamCountry "CRO"]

1. e4 e5 2. Nf3 Nc6 3. Bc4 Bc5 4. c3 Nf6 5. d3 0-0 6. Bg5 h6 7. Bh4 Be7 8. Nbd2 a6 9. Nf1 d6 10. Bxf6 Bxf6 11. Ne3 Na5 12. Qe2 c6 13. g4 d5 14. Bb3 Nxb3 15. axb3 dxe4 16. dxe4 g6 17. Rd1 Qe7 18. Rg1 Bg7 19. g5 h5 20. Nh4 Be6 21. Nhf5 Qc7 22. Nxg7 Kxg7 23. Qf3 Rad8 24. Qf6+ Kg8 25. b4 Rxd1+ 26. Kxd1 Rd8+ 27. Kc1 a5 28. Rd1 Rxd1+ 29. Nxd1 axb4 30. cxb4 Qd6 31. Nc3 0-1

[Event "CRO-chT1B"]
[Site "Bol"]
[Date "2014.10.11"]
[Round "8.5"]
[White "Matkovic, Tonci"]
[Black "Bender, Ivan"]
[Result "1/2-1/2"]
[WhiteElo "2313"]
[BlackElo "2301"]
[PlyCount "61"]
[EventDate "2014.10.04"]
[EventType "team-tourn"]
[EventRounds "9"]
[EventCountry "CRO"]
[SourceTitle "CBM 162 Extra"]
[Source "ChessBase"]
[SourceDate "2014.10.17"]
[SourceVersion "1"]
[SourceVersionDate "2014.10.17"]
[SourceQuality "1"]
[WhiteTeam "Sibenik"]
[BlackTeam "Dubrovnik"]
[WhiteTeamCountry "CRO"]
[BlackTeamCountry "CRO"]

1. e4 e5 2. Nf3 Nc6 3. Bb5 Nf6 4. 0-0 Nxe4 5. Re1 Nd6 6. Bxc6 dxc6 7. Nxe5 Be7 8. d4 0-0 9. Nd2 Nf5 10. Ndf3 Nh4 11. Nxh4 Bxh4 12. Bf4 Be6 13. Bg3 Bxg3 14. hxg3 Qf6 15. Qf3 Qf5 16. Qxf5 Bxf5 17. c3 Rfe8 18. Nf3 f6 19. Rxe8+ Rxe8 20. Re1 Rxe1+ 21. Nxe1 Bb1 22. a3 Be4 23. Nf3 Kf7 24. Nd2 Bd5 25. f3 Ke7 26. Kf2 Kd6 27. Ke3 b6 28. Nf1 c5 29. Nd2 cxd4+ 30. cxd4 a5 31. Kd3 1/2-1/2

[Event "CRO-chT2"]
[Site "Bol"]
[Date "2013.09.16"]
[Round "3.2"]
[White "Matkovic, Tonci"]
[Black "Pikula, Dejan"]
[Result "0-1"]
[WhiteElo "2311"]
[BlackElo "2482"]
[PlyCount "74"]
[EventDate "2013.09.14"]
[EventType "team-tourn"]
[EventRounds "9"]
[EventCountry "CRO"]
[SourceTitle "CBM 156 Extra"]
[Source "ChessBase"]
[SourceDate "2013.10.22"]
[SourceVersion "1"]
[SourceVersionDate "2013.10.22"]
[SourceQuality "1"]
[WhiteTeam "Sibenik"]
[BlackTeam "Sesvete"]
[WhiteTeamCountry "CRO"]
[BlackTeamCountry "CRO"]

1. e4 d6 2. c4 c5 3. Nc3 Nc6 4. Nf3 Bg4 5. Be2 g6 6. Ng1 Bd7 7. Nf3 Bg7 8. 0-0 Nf6 9. d4 cxd4 10. Nxd4 Nxe4 11. Nxc6 Bxc6 12. Nxe4 Bxe4 13. Bf3 Bxf3 14. Qxf3 Qc7 15. Bg5 h6 16. Bh4 0-0 17. Qe2 Rfe8 18. Rad1 a6 19. b3 Qc6 20. f4 b5 21. Rc1 bxc4 22. Rxc4 Qb5 23. Re1 d5 24. Rc2 e6 25. Qd2 Rec8 26. Rec1 Rxc2 27. Rxc2 a5 28. Bf2 d4 29. Rc4 a4 30. Rb4 Qd5 31. bxa4 d3 32. Rb3 Rd8 33. h3 h5 34. Be3 Bd4 35. Bxd4 Qxd4+ 36. Kh1 Qc4 37. Rc3 Qxc3 0-1

[Event "CRO-chT1B 21st"]
[Site "Sibenik"]
[Date "2012.09.25"]
[Round "3.3"]
[White "Matkovic, Tonci"]
[Black "Komljenovic, Davorin"]
[Result "1-0"]
[WhiteElo "2306"]
[BlackElo "2446"]
[PlyCount "73"]
[EventDate "2012.09.23"]
[EventType "team-tourn"]
[EventRounds "7"]
[EventCountry "CRO"]
[SourceTitle "CBM 150 Extra"]
[Source "ChessBase"]
[SourceDate "2012.10.19"]
[SourceVersion "1"]
[SourceVersionDate "2012.10.19"]
[SourceQuality "1"]
[WhiteTeam "Sibenik"]
[BlackTeam "Pozega"]
[WhiteTeamCountry "CRO"]
[BlackTeamCountry "CRO"]

1. e4 c5 2. Nf3 Nc6 3. d4 cxd4 4. Nxd4 Qb6 5. Nb3 Nf6 6. Nc3 e6 7. Be3 Qc7 8. a3 a6 9. f4 d6 10. Bd3 b5 11. 0-0 Be7 12. Qe2 0-0 13. Nd1 Bb7 14. Nf2 Rad8 15. Rad1 Nb8 16. g4 d5 17. e5 Ne4 18. g5 Nxf2 19. Qxf2 d4 20. Nxd4 Bc5 21. Nf3 Nd7 22. Bxc5 Nxc5 23. Bxh7+ Kxh7 24. g6+ Kxg6 25. Qg3+ Kh7 26. Qh4+ Kg8 27. Ng5 Be4 28. f5 Bxf5 29. Rxf5 Rxd1+ 30. Kg2 Qb7+ 31. Kh3 Re8 32. Rxf7 Qxf7 33. Nxf7 Rd5 34. Ng5 Nd7 35. Qh5 Rb8 36. Qf7+ Kh8 37. Nxe6 1-0

[Event "CRO-chT1B 21st"]
[Site "Sibenik"]
[Date "2012.09.23"]
[Round "1.2"]
[White "Djurovic, Goran"]
[Black "Matkovic, Tonci"]
[Result "1/2-1/2"]
[WhiteElo "2378"]
[BlackElo "2306"]
[PlyCount "111"]
[EventDate "2012.09.23"]
[EventType "team-tourn"]
[EventRounds "7"]
[EventCountry "CRO"]
[SourceTitle "CBM 150 Extra"]
[Source "ChessBase"]
[SourceDate "2012.10.19"]
[SourceVersion "1"]
[SourceVersionDate "2012.10.19"]
[SourceQuality "1"]
[WhiteTeam "Sesvete"]
[BlackTeam "Sibenik"]
[WhiteTeamCountry "CRO"]
[BlackTeamCountry "CRO"]

1. Nf3 Nf6 2. c4 e6 3. g3 d5 4. Bg2 Be7 5. d4 0-0 6. 0-0 Ne4 7. b3 f5 8. Ne5 Nd7 9. f3 Nef6 10. Bb2 c6 11. Nd2 a5 12. Nd3 Qe8 13. e4 dxe4 14. fxe4 fxe4 15. Nxe4 Nxe4 16. Rxf8+ Bxf8 17. Bxe4 Nf6 18. Bg2 Qg6 19. Ne5 Qh5 20. Bf3 Qe8 21. a3 Bd6 22. Qe2 Qe7 23. Nd3 Bd7 24. c5 Bc7 25. Re1 Rf8 26. Bc1 Qf7 27. Bf4 Bxf4 28. Nxf4 Nd5 29. Bxd5 exd5 30. Qe7 Bf5 31. Re5 Qxe7 32. Rxe7 g5 33. Ng2 Rf7 34. Rxf7 Kxf7 35. Ne3 Kf6 36. Kf2 h5 37. Ke2 Be4 38. Kd2 Bf3 39. Kc3 Be2 40. a4 Ke6 41. b4 h4 42. bxa5 hxg3 43. hxg3 Ba6 44. Kd2 Kf6 45. Ke1 Ke6 46. Kf2 Bc4 47. Kf3 Ba6 48. Kg4 Kf6 49. Kh5 Be2+ 50. g4 Bd3 51. Nd1 Bg6+ 52. Kh6 Be8 53. Ne3 Bd7 54. Kh5 Be8+ 55. Kh6 Bd7 56. Kh5 1/2-1/2

[Event "CRO-chT1B"]
[Site "Sibenik"]
[Date "2007.09.26"]
[Round "2"]
[White "Radocaj, Denis"]
[Black "Matkovic, Tonci"]
[Result "1/2-1/2"]
[WhiteElo "2344"]
[BlackElo "2280"]
[PlyCount "23"]
[EventDate "2007.09.25"]
[EventType "team"]
[EventRounds "9"]
[EventCountry "CRO"]
[SourceTitle "CBM 120 Extra"]
[Source "ChessBase"]
[SourceDate "2007.11.01"]
[SourceVersion "1"]
[SourceVersionDate "2007.11.01"]
[SourceQuality "1"]

1. d4 d5 2. c4 c6 3. Nf3 Nf6 4. Nc3 e6 5. Bg5 Nbd7 6. e3 Be7 7. Rc1 0-0 8. Bd3 dxc4 9. Bxc4 b5 10. Bd3 a6 11. a4 bxa4 12. Nxa4 1/2-1/2

[Event "Dalmatia Cup"]
[Site "Sv Filip i Jakov"]
[Date "2001.??.??"]
[Round "2"]
[White "Matkovic, Tonci"]
[Black "Viskic, Pavisa"]
[Result "1/2-1/2"]
[WhiteElo "2294"]
[BlackElo "2248"]
[PlyCount "93"]
[EventDate "2001.??.??"]
[EventType "team"]
[EventRounds "5"]
[EventCountry "CRO"]
[SourceTitle "EXT 2002"]
[Source "ChessBase"]
[SourceDate "2001.11.25"]
[SourceVersion "1"]
[SourceVersionDate "2001.11.25"]
[SourceQuality "1"]

1. e4 Nf6 2. e5 Nd5 3. Qf3 Nb4 4. Na3 c5 5. Bc4 e6 6. Qg3 d6 7. exd6 a6 8. Ne2 Qxd6 9. Qxd6 Bxd6 10. d4 cxd4 11. Nxd4 N4c6 12. Be3 0-0 13. 0-0-0 Nxd4 14. Bxd4 Bxa3 15. bxa3 b5 16. Bb3 Bb7 17. a4 Nc6 18. axb5 axb5 19. f3 Na5 20. Bc3 Nxb3+ 21. axb3 Bd5 22. Kb2 f6 23. Bb4 Rfe8 24. Ra1 Kf7 25. Rhc1 h5 26. Be1 g5 27. Rxa8 Rxa8 28. Kc3 g4 29. fxg4 hxg4 30. g3 Rc8+ 31. Kb4 e5 32. Kxb5 Bxb3 33. c4 Ke6 34. c5 Bd5 35. c6 Rb8+ 36. Kc5 Bxc6 37. Rd1 Bf3 38. Rd6+ Kf5 39. Bc3 Rc8+ 40. Kb4 Rc6 41. Rxc6 Bxc6 42. Kb3 Ke4 43. Kc2 Kf3 44. Kd2 Ke4 45. Ke2 f5 46. Kf2 f4 47. gxf4 1/2-1/2

[Event "Cannes"]
[Site "Cannes"]
[Date "1999.??.??"]
[Round "2"]
[White "Matkovic, Tonci"]
[Black "Nezar, Mustapha"]
[Result "1/2-1/2"]
[WhiteElo "2290"]
[BlackElo "2275"]
[PlyCount "71"]
[EventDate "1999.02.??"]
[EventType "k.o."]
[EventRounds "7"]
[EventCountry "FRA"]
[SourceTitle "EXT 2000"]
[Source "ChessBase"]
[SourceDate "1999.11.16"]
[SourceVersion "1"]
[SourceVersionDate "1999.11.16"]
[SourceQuality "1"]

1. e4 c5 2. Nf3 d6 3. d4 cxd4 4. Nxd4 Nf6 5. Nc3 Nc6 6. Bg5 e6 7. Qd2 Be7 8. 0-0-0 0-0 9. f4 Nxd4 10. Qxd4 Qa5 11. e5 dxe5 12. Qxe5 Qxe5 13. fxe5 Nd5 14. Bxe7 Nxe7 15. Bd3 b6 16. Be4 Rb8 17. Nb5 Bb7 18. Rhe1 Bxe4 19. Rxe4 Rb7 20. c4 Nc6 21. a3 a6 22. Rd6 Rc8 23. Nd4 Nxd4 24. Rexd4 Kf8 25. b4 Ke7 26. Kd2 f6 27. exf6+ gxf6 28. Ke3 f5 29. Rd2 h5 30. a4 h4 31. b5 a5 32. R6d4 Rh8 33. Rd6 Rc8 34. R2d4 Rg8 35. Rd2 Rc8 36. R2d4 1/2-1/2

[Event "CRO-Cup"]
[Site "Pula"]
[Date "1997.??.??"]
[Round "?"]
[White "Matkovic, Tonci"]
[Black "Mrkonjic, Nenad"]
[Result "1-0"]
[WhiteElo "2290"]
[BlackElo "2270"]
[PlyCount "111"]
[EventDate "1997.??.??"]
[EventType "team"]
[EventRounds "5"]
[EventCountry "CRO"]
[SourceTitle "EXT 1998"]
[Source "ChessBase"]
[SourceDate "1997.11.17"]
[SourceVersion "1"]
[SourceVersionDate "1997.11.17"]
[SourceQuality "1"]

1. e4 e5 2. Nf3 Nc6 3. Bb5 d6 4. c3 Bd7 5. d4 Be7 6. 0-0 Bf6 7. Na3 Nge7 8. Nc4 a6 9. Bxc6 Nxc6 10. dxe5 Nxe5 11. Nfxe5 dxe5 12. Qf3 Be6 13. Ne3 0-0 14. b3 Qe7 15. c4 c6 16. a4 Rfd8 17. Ba3 Qe8 18. Rfd1 b5 19. Bd6 Rd7 20. Qg3 bxc4 21. bxc4 Rad8 22. c5 Be7 23. Bxe5 Qf8 24. Rdc1 f6 25. Bc7 Re8 26. Bb6 Qf7 27. Rd1 Rb7 28. h3 Qh5 29. Rac1 Bf8 30. a5 Bb3 31. Rd4 Qe2 32. Ng4 Qb2 33. Rc3 Kh8 34. Kh2 Bf7 35. f4 h5 36. Nf2 g5 37. Rcd3 gxf4 38. Qxf4 Bg7 39. Rd8 Kh7 40. Rd2 Qc1 41. Qf3 Rbe7 42. R8d6 Bg6 43. Rd1 Qg5 44. Rxc6 Rxe4 45. Bc7 Re2 46. Bf4 Qf5 47. Bg3 Qc2 48. Rd7 R8e7 49. Rcc7 Rxd7 50. Rxd7 Be8 51. Rc7 Re6 52. Nd3 Kg8 53. Nf4 Re5 54. Nd3 Re6 55. Qd5 Qe2 56. Nf4 1-0